| 000 | 01133cam a22003138a 4500 | ||
|---|---|---|---|
| 001 | 15585549 | ||
| 005 | 20170105102346.0 | ||
| 008 | 090113s2009 enk b 001 0 eng | ||
| 010 | _a 2009001021 | ||
| 020 | _a9781848210646 | ||
| 040 |
_aDLC _cDLC _dDLC |
||
| 041 | 1 |
_aeng _hfre |
|
| 050 | 0 | 0 |
_aTK7881.15 _b.M5713 2009 |
| 082 | 0 | 0 |
_a621.381044 _222 |
| 130 | 0 |
_aMise en ouvre des composants electroniques de puissance and Interrupteurs electroniques de puissance. _lEnglish. |
|
| 245 | 1 | 0 |
_aPower electronics semiconductor devices _c Robert Perret. |
| 260 |
_aLondon : _bISTE ; _aHoboken, NJ : _bWiley, _c2009. |
||
| 263 | _a0902 | ||
| 300 |
_axi, 553p. : _c24 cm |
||
| 504 | _aIncludes bibliographical references and index. | ||
| 650 | 0 | _aPower electronics. | |
| 650 | 0 | _aPower semiconductors. | |
| 650 | 0 | _aSolid state electronics. | |
| 700 | 1 |
_aPerret, Robert _q(Robert Jos) |
|
| 856 | 4 | 2 |
_3Publisher description _uhttp://www.loc.gov/catdir/enhancements/fy0904/2009001021-d.html |
| 906 |
_a7 _brix _corignew _d1 _eecip _f20 _gy-gencatlg |
||
| 942 |
_2ddc _cBK |
||
| 999 |
_c11691 _d11691 |
||